00943 a2200229 4500952013600000999001500136022001200151050002300163100002700186110003400213245019000247264004600437300001100483500004900494650003000543650001900573651001800592700002400610700002700634710001700661942003500678 00102Library Of40708NFICaLLbLLcGENd2021-09-15l0oKTL19.A35 SOU 1971p005769r2021-09-15 00:00:00tc.1w2021-09-15ySERIALS c9817d9817 Ino issn00aKTL19.A35 SOU 1971 aDuncan, Graemeeeditor aSupreme Court of South Africa04aSouth African law reports 1971 (3) September : bDecisions of the Supreme Court of South Africa, South-West Africa division, High court of Rhodesia /cGraeme Duncan, M. Barnett ...et al aSouth Africa:bJuta and Company LTDc1971 a280p.: aIncludes bibliographical reference and index 0aLaw reports, digests, etc 0aTable of cases 7aSouth Africa.1 aBarnett, M.eeditor1 aBuchanan, J.L.eeditor1 aSouth Africa 2lcccSERIALSh19.A35iSOUkKTL